| 000 | 00888nam a2200217 a 4500 | ||
|---|---|---|---|
| 003 | 0 | ||
| 005 | 20250618083652.0 | ||
| 008 | 021114s19uu xx 00 eng d | ||
| 050 |
_aPGS LB 1025.3 _b.F639 1999 |
||
| 050 |
_aPGS LB 1025.3 _b.F639 1999 |
||
| 100 | _aFloro, David Ryan C. Jr. | ||
| 245 |
_aThe effects of the teaching styles of Southville International School teachers in the academic performance of grade IV and V students / _cDavid Ryan C. Floro Jr. |
||
| 260 |
_aLas PiƱas City, Philippines : _bSouthville International School and Colleges, _c1999. |
||
| 300 |
_a44 pages : _billustrations ; _c28 cm. |
||
| 504 | _aIncludes bibliographical references. | ||
| 650 |
_aTeaching _vMethodology. |
||
| 650 | _a Teacher effectiveness. | ||
| 650 |
_a Academic achievement _vGrade school students. |
||
| 650 |
_aStudent performance _vGrade school students. |
||
| 942 |
_2lcc _cPASS |
||
| 999 |
_c96149 _d96149 |
||